| 000 | 01620ngm a22003970a 4500 | ||
|---|---|---|---|
| 001 | PT36661 | ||
| 003 | AR-LpoUNG | ||
| 005 | 20210202000506.0 | ||
| 007 | vd cvaizq | ||
| 008 | 191001suuuu||||ag |||||||||||||||||spa d | ||
| 040 |
_aAR-LpoUNG _bspa _cAR-LpoUNG _eaacr |
||
| 041 | _aspa | ||
| 044 | _aag | ||
| 082 | 0 | _a982.064 637sol | |
| 100 | 1 |
_aMilstein, Pablo _edir. |
|
| 245 | 1 | 0 | _aSol de noche |
| 260 |
_aBuenos Aires : _bSBP, _c2002. |
||
| 300 | _aDVD (77 min.) : son., col. | ||
| 505 | 0 | _aCréditos: Guión, Javier Rubel, Ariel Ludin, Norberto Ludin y Pablo Milstein; con textos de, Marcelo Birmajer; producción ejecutiva, Eduardo Aliverti; fotografía, Ariel Ludin; cámara, Ariel Ludin; montaje, Droopy; música, Pablo Green y Julio Kladniew; sonido, Droopy; entrevistas, Javier Rubel; edición de sonido, Gerardo Kalmar; producción periodística, Javier Rubel. | |
| 520 | _aLa historia de la -Noche del apagón- y el secuestro de 400 personas en un pueblo de Jujuy. Sol de noche cuenta la historia de Olga y su marido, el Dr. Luis Aredez, que fue secuestrado, torturado y hecho desaparecer por las fuerzas militares, en colaboración con el Ingenio Ledesma, otro de los protagonistas de este relato. | ||
| 650 | 4 | _aARGENTINA | |
| 650 | 4 | _aDELITOS | |
| 650 | 4 | _aEJERCITO | |
| 650 | 4 | _aGENOCIDIO | |
| 650 | 4 | _aGOLPES DE ESTADO | |
| 650 | 4 | _aPROBLEMAS SOCIALES | |
| 650 | 4 | _aSOCIEDAD | |
| 651 | 4 | _aArgentina | |
| 653 | _aCINE ARGENTINO | ||
| 653 | _aDOCUMENTALES | ||
| 653 | _aREPRESION | ||
| 653 | _aVIDEOS | ||
| 700 | 1 |
_aLudin, Norberto _edir. |
|
| 905 | _a36661 | ||
| 942 | _cDVD | ||
| 999 |
_c54957 _d54957 |
||